000 00678cam a22002053a 4500
001 44039
003 PGUSA
005 20140828084013.0
008 131026s2013||||xxu|||||s|||||000 | eng d
040 _aPGUSA
_beng
042 _adc
100 1 _aBrownlie, John,
_d1857-1925
245 1 0 _aHymns of the Early Church :
_bbeing translations from the poetry of the Latin church, arranged in the order of the Christian year
_h[electronic resource] /
_cJohn Brownlie
260 _bProject Gutenberg,
_c2013
506 _aPublic domain in the USA.
516 _aElectronic text
830 0 _aProject Gutenberg
_v44039
856 4 0 _uhttp://www.gutenberg.org/ebooks/44039
942 _cEB
999 _c273290
_d273290